000 00812nam a2200241Ia 4500
003 OSt
005 20220926042851.0
006 a|||||r|||| 00| 0
007 ta
008 220923b |||||||| |||| 00| 0 eng d
037 _cGeneral Book
040 _aRTL
_cRTL
_beng
041 _2eng
_aeng
082 _aY:5:(X).571.N33<---L50, H1
110 _aUn of Stockholm, Ins for Social Sciences and Yale Un , Inst of Human Relations
_9346856
245 0 _aSocial and economic aspects of Sweden population m
260 _c1941
490 _aStockholm Economic Studies
650 _aFamily Planning
_9231810
700 _aUn of Stockholm, Ins for Social Sciences and Yale Un , Inst of Human Relations
_9346857
942 _hY:5:(X).571.N33<---L50, H1
_cGB
_2CC
999 _c670753
_d670753